000 00692cab a2200205 4500
001 WB3207-31
008 090401t1996 xxu||||| |||| 00| 0 eng d
035 _a(Sirsi) u27998
041 _aeng
245 _aGrowth accelerating for estate agents
260 _c1996
350 _a0
490 _aNegotiator
_v11(3) 8-22 February 1996, 1&3(1)
520 _aA report from Plimsoll Portfolio Analysis which analyses 881 estate agents shows an average sales growth of 22% during 1995. Table of sales growth.
650 _aESTATE AGENTS
650 _aPLIMSOLL PORTFOLIO ANALYSIS
690 _aPROPERTY-RESIDENTIAL PROPERTY-RESIDENTIAL PROPERTY MARKET
942 _n0
948 _c04/03/1997
999 _c18881
_d18881